[Event "Icelandic-ch 2021"]
[Site "Kopavogur"]
[Date "2021.04.22"]
[Round "1.1"]
[White "Stefansson, Vignir Vatnar"]
[Black "Hjartarson, Johann"]
[Result "0-1"]
[WhiteElo "2327"]
[BlackElo "2523"]
[Annotator "TA"]
[PlyCount "108"]
[EventDate "2021.04.22"]
[EventType "tourn"]
[EventCountry "ISL"]
[SourceTitle "playchess.com"]
[Source "ChessBase"]
[SourceQuality "1"]

{[%evp 24,108,17,14,24,15,19,29,40,28,36,20,12,12,26,35,56,0,0,0,0,0,0,0,0,0,49,49,57,0,0,0,0,0,0,0,0,-67,-67,-67,-63,-75,-66,-65,-66,-53,-27,-28,-29,-132,-46,-130,-131,-128,-62,-66,0,-114,-116,-122,-101,-120,-110,-150,-129,-145,-153,-197,-197,-203,-198,-205,-175,-177,-33,-33,-33,-81,-17,-17,-25,-25,-32,-5068,-5061,-1793,-1283]} 1. d4 Nf6 2. c4 e6 3. Nf3 b6 4. g3 Ba6 5. b3 Bb4+ 6. Bd2 Be7 7. Nc3 d5 8. cxd5 exd5 9. Bg2 O-O 10. O-O Bb7 11. Qc2 Na6 12. Rfd1 Qc8 13. Bf4 Rd8 {E15: Queen's Indian: 4 g3 sidelines, 4 g3 Ba6 and 4 g3 Bb7 early deviations.} 14. Qb2 h6 15. Rac1 Qe6 {White has an edge.} 16. a3 c5 17. dxc5 bxc5 18. b4 {[#]} d4 $146 ({Predecessor:} 18... cxb4 19. axb4 Rac8 20. b5 Nc5 21. Nd4 Qb6 22. Bh3 Ra8 23. Be3 Nfe4 24. Nxe4 dxe4 {1-0 (47) Dziuba,M (2556)-Czakon,J (2504) Lublin 2008}) 19. Na4 {[%cal Ra4c5]} g5 20. bxc5 (20. Nxd4 $1 $14 Qc8 21. Bxb7 {[%mdl 64] Overworked Piece} Qxb7 22. Nf5 gxf4 23. Qe5 {[%mdl 64] Double Attack} Rxd1+ 24. Rxd1) 20... Bxf3 $11 21. Bxf3 gxf4 22. Bxa8 Rxa8 23. Rxd4 fxg3 24. hxg3 Qc6 25. Qd2 Bf8 26. Nb2 (26. Qf4 $14) 26... Ne4 27. Qf4 Re8 28. Nd3 Ng5 29. Qg4 Rxe2 30. Rd6 Bxd6 $15 31. cxd6 Rc2 32. Rd1 {Black must now prevent d7.} Qxd6 33. Nb4 Rd2 {[%cal Rd2d1]} 34. Qc8+ $1 Kh7 35. Rxd2 Qxd2 36. Nxa6 (36. Qxa6 $11 Nh3+ 37. Kg2 Nxf2 38. Kf3) 36... Qd1+ (36... Qe1+ $1 $17 37. Kg2 Qe4+ 38. Kf1 Qh1+ 39. Ke2 Qe4+ 40. Kf1 Qd3+ 41. Kg2 Qe4+ 42. Kf1) 37. Kg2 ({White should try} 37. Kh2 $15) 37... Qf3+ $17 38. Kf1 Qd3+ (38... Qxa3 $17 {Strongly threatening ...Qd3+.} 39. Qf5+ Kg7) 39. Kg2 $1 $15 Qf3+ (39... Qe4+ {looks sharper.} 40. Kf1 Kg6 41. Qc3 Qb1+ 42. Ke2 Qa2+) 40. Kf1 $1 Qxa3 41. Qf5+ Kg8 42. Nc5 a5 43. Kg2 {[#]} Qc3 $1 {...a4! is the strong threat.} 44. Qd5 Kg7 45. Qc6 {Threatens to win with Ne6+!} Qc4 46. Qd6 a4 {aiming for ...a3.} 47. Qe5+ Kh7 {And now ...a3 would win.} 48. Qe3 Qb4 (48... Qd5+ $19 49. Kf1 Kg8 50. Qe8+ Kg7) 49. f4 Qb2+ 50. Qf2 {[#]} Qxf2+ (50... a3 $1 $17 51. fxg5 hxg5) 51. Kxf2 $11 Nh3+ 52. Kg2 {[#]} Nxf4+ 53. gxf4 $2 {[%mdl 8192]} (53. Kf3 $15) 53... a3 $19 {[%cal Ba4a3,Ba3a2][%mdl 32]} 54. Nb3 a2 {Weighted Error Value: White=0.27/Black=0.17} 0-1

[Event "Icelandic-ch 2021"]
[Site "Kopavogur"]
[Date "2021.04.22"]
[Round "1.2"]
[White "Mai, Alexander Oliver"]
[Black "Thorfinnsson, Bragi"]
[Result "0-1"]
[WhiteElo "2025"]
[BlackElo "2432"]
[Annotator "TA"]
[PlyCount "94"]
[EventDate "2021.04.22"]
[EventType "tourn"]
[EventCountry "ISL"]
[SourceTitle "playchess.com"]
[Source "ChessBase"]
[SourceQuality "1"]

{[%evp 18,94,77,54,48,53,50,18,22,17,26,15,20,0,32,28,41,38,93,-15,-20,-35,-51,-61,-56,-59,0,-77,-29,-33,0,-39,-39,-37,-27,-125,-7,0,-6,-172,59,81,91,0,0,0,0,-56,0,-17,-12,-93,-112,-178,-190,-350,-312,-283,-292,-324,-282,-449,-456,-535,-558,-508,-530,-566,-397,-840,-586,-989,-913,-1314,-1172,-29987,-1450,-29988,-29989]} 1. d4 Nf6 2. c4 c5 3. d5 g6 4. Nc3 Bg7 5. e4 O-O 6. Bd3 d6 7. Nf3 e6 8. O-O Na6 9. h3 Nc7 10. a4 Na6 {E90: King's Indian: Classical: Early deviations and 6 h3.} 11. Re1 e5 {[#]} 12. Nh2 $146 ({Predecessor:} 12. Bf1 h6 13. Nh2 Ne8 14. f4 exf4 15. Bxf4 Nb8 16. e5 dxe5 17. Bxe5 Bxe5 18. Rxe5 {1-0 (33) Badelka,O (2399)-Majdan,J (2336) Wroclaw 2019}) 12... Nb4 {The position is equal.} 13. Bb1 Nh5 14. Ra3 Bd7 15. Rf1 Qe8 16. Ne2 f5 17. exf5 gxf5 (17... Bxf5 $14 18. Bd2 Rc8) 18. Ng3 ({Better is} 18. g4 $16) 18... Nxg3 $11 19. fxg3 e4 20. a5 Bd4+ 21. Kh1 Qe5 (21... Qg6 $15) 22. Qe2 (22. Bf4 $11 Qe7 23. g4) 22... Rae8 23. Bf4 Qf6 24. Rb3 b5 {White must now prevent ...bxc4.} 25. axb6 $1 axb6 26. Be3 (26. g4 $11) 26... Qg7 ({Black should try} 26... b5 $1 $17 {...bxc4 is the strong threat.} 27. Ra3 bxc4) 27. Bxd4 Qxd4 28. Re3 $2 {[#]} (28. Rd1 $11 Qf6 29. Ra3) 28... Nxd5 $2 ({Black should play} 28... Nd3 $1 $19 29. b3 b5 30. Rxd3 exd3 31. Qxd3 Qxd3 32. Bxd3 Re3) 29. cxd5 $14 {Threatens to win with g4.} Bb5 30. Qe1 (30. Qxb5 $16 Qxe3 31. g4) 30... Bxf1 $11 ({Reject} 30... Qxb2 $6 31. Rg1 $16) 31. Nxf1 Qxd5 32. g4 (32. Re2 $1 $11) 32... Qe5 (32... fxg4 $15 33. hxg4 Qd4 34. Bxe4 {[#]} Rxf1+ $1 35. Qxf1 Rxe4 36. Rxe4 Qxe4) 33. gxf5 {[%cal Re3e4]} d5 $36 {[%mdl 2048] Black is more active.} 34. Ng3 (34. Re2 $1 $11) 34... Qxb2 $17 35. Qd1 (35. Re2 $17 Qd4 36. Nf1) 35... Kh8 36. Rb3 $2 (36. Re2 Qe5 37. Qe1) 36... Qe5 37. Qe1 Rf6 38. Bc2 Rg8 39. Nf1 (39. Bd1 $142) 39... Qxf5 $19 40. Ne3 Qf2 41. Qxf2 Rxf2 42. Kg1 Rd2 {And now ...c4 would win.} 43. Bb1 $2 (43. Bxe4 dxe4 44. Rxb6) 43... d4 44. Ng4 h5 45. Nf2 e3 {aiming for ...e2.} 46. Ne4 Rd1+ 47. Kh2 e2 {Weighted Error Value: White=0.91/Black=0.31} 0-1

[Event "Icelandic-ch 2021"]
[Site "Kopavogur"]
[Date "2021.04.22"]
[Round "1.3"]
[White "Gretarsson, Helgi Ass"]
[Black "Kjartansson, Gudmundur"]
[Result "1-0"]
[WhiteElo "2437"]
[BlackElo "2503"]
[Annotator "TA"]
[PlyCount "95"]
[EventDate "2021.04.22"]
[EventType "tourn"]
[EventCountry "ISL"]
[SourceTitle "playchess.com"]
[Source "ChessBase"]
[SourceQuality "1"]

{[%evp 19,95,16,9,0,25,11,25,2,0,-23,0,0,6,10,9,0,37,15,16,9,12,-8,-12,-14,-11,-18,0,0,0,0,0,-6,-12,-7,0,-8,0,0,0,0,7,4,4,0,0,0,0,0,6,6,6,6,6,6,6,6,18,0,12,0,18,18,14,0,0,0,0,0,0,0,72,64,68,62,697,695,666,651]} 1. d4 d5 2. c4 e6 3. Nc3 c6 4. e3 Nf6 5. Nf3 Nbd7 6. Qc2 Bd6 7. Bd3 O-O 8. O-O dxc4 9. Bxc4 b5 10. Bd3 Bb7 11. Ng5 {[%cal Rd3h7] D46: Semi-Slav: 5 e3 Nbd7 6 Bd3, Black avoids the Meran.} h6 12. Nge4 Be7 13. Nxf6+ {White has an edge.} Nxf6 14. Bd2 Rc8 15. Ne4 Nxe4 16. Bxe4 b4 17. a3 a5 {[#]} 18. axb4 $146 ({Predecessor:} 18. Qa4 Ba6 19. Rfc1 Bb5 20. Qd1 Qb6 21. Qe1 Ba6 22. axb4 axb4 23. Ra4 Bb5 24. Raa1 Ba6 25. Ra4 {½-½ (25) Galyas,M (2467)-Antal,T (2352) Kecskemet 2012}) 18... axb4 19. Ra4 Qb6 20. Rfa1 Rc7 21. Ra5 c5 22. dxc5 Rxc5 23. Rxc5 Bxe4 24. Qxe4 Qxc5 25. g3 Qd6 26. Be1 g6 27. Qc4 h5 28. Ra7 Rd8 29. Kg2 Rb8 30. b3 Bf6 31. f3 (31. h4 {is interesting.} Be5 32. e4 Bd4 33. Ra2 Qe5 34. Re2) 31... Qb6 32. Qc7 Qxc7 33. Rxc7 $11 {[%mdl 4096] Endgame KRB-KRB} Kf8 34. Rc4 Be7 35. f4 Ke8 36. Kf3 Kd7 37. h3 f5 38. e4 Rb5 39. Ke3 g5 40. fxg5 Bxg5+ 41. Kd3 Be7 42. Bd2 Bd6 43. Bf4 e5 44. Bd2 f4 (44... h4 $11 {remains equal.}) 45. gxf4 $16 exf4 46. Ke2 Rg5 $2 {[%mdl 8192] [#]} (46... Be7 $14) 47. Rd4 $1 $18 f3+ 48. Kf1 {Weighted Error Value: White=0.05/Black=0.29} 1-0

[Event "Icelandic-ch 2021"]
[Site "Kopavogur"]
[Date "2021.04.22"]
[Round "1.4"]
[White "Stefansson, Hannes"]
[Black "Gretarsson, Hjorvar Steinn"]
[Result "0-1"]
[WhiteElo "2532"]
[BlackElo "2588"]
[Annotator "TA"]
[PlyCount "82"]
[EventDate "2021.04.22"]
[EventType "tourn"]
[EventCountry "ISL"]
[SourceTitle "playchess.com"]
[Source "ChessBase"]
[SourceQuality "1"]

{[%evp 17,82,14,11,12,21,12,20,0,0,0,24,0,0,0,0,6,0,0,0,0,20,-19,0,-28,0,-3,0,-29,-33,-20,48,41,58,14,39,-139,-131,-102,-135,-150,-122,-264,-264,-258,-259,-260,-252,-360,-178,-632,-619,-558,-497,-955,-176,-29991,-934,-927,-827,-29973,-29974,-2418,-395,-29980,-29981,-29981,-29982]} 1. d4 Nf6 2. c4 e6 3. Nf3 b6 4. g3 Ba6 5. b3 d5 6. Bg2 Nbd7 7. cxd5 exd5 8. O-O Bd6 9. Nc3 O-O 10. Bb2 {E15: Queen's Indian: 4 g3 sidelines, 4 g3 Ba6 and 4 g3 Bb7 early deviations.} Re8 11. a3 c6 12. Re1 {[#] The position is equal.} Ne4 $146 ({Predecessor:} 12... Rc8 13. Nd2 Bf8 14. b4 c5 15. Nxd5 Nxd5 16. Bxd5 Ne5 17. Qb3 c4 18. Qc3 Qxd5 19. dxe5 {1-0 (53) Lintchevski,D (2558)-Bocharov,D (2582) St Petersburg 2011}) 13. Rc1 Bb7 14. b4 a5 15. bxa5 Rxa5 16. Nxe4 dxe4 17. Nd2 Nf6 $1 18. Nc4 Rd5 19. Nxd6 Qxd6 20. Qb3 h5 (20... Rb5 $5 {[%cal Rb5b3]} 21. Qc2 Ra5 $11) 21. a4 (21. Qxb6 $2 Rb5 $19) 21... h4 22. Ba3 (22. gxh4 e3 $17) 22... Qd7 23. e3 $1 Rh5 (23... hxg3 $11 24. hxg3 (24. fxg3 Ra5 $11) 24... b5) 24. Qxb6 $14 Nd5 25. Qb2 Re6 26. Qe2 $2 (26. Rb1 $14 {keeps the upper hand.} Ba6 27. a5) 26... Reh6 $1 $17 27. g4 Rg5 {White must now prevent ...h3.} 28. h3 (28. Bxe4 $2 Rxg4+ 29. Kh1 (29. Bg2 $2 h3 $19 {[%mdl 64] Pin}) 29... Rxe4 $19) 28... f5 29. f4 {White does not recover from this.} (29. Rb1 $17 {was called for.}) 29... exf3 $1 $19 30. Bxf3 (30. Qxf3 fxg4 31. Qf8+ Kh7 $17) 30... fxg4 31. hxg4 Rhg6 {[%cal Rg5g4]} 32. Kh1 (32. Rf1 {was forced.} c5 33. Rxc5 (33. Bxc5 $2 Rxg4+ 34. Bxg4 Rxg4+ 35. Kf2 Rg3 $19 {[%mdl 64] Decoy}) 33... Rxg4+ 34. Bxg4 Rxg4+ 35. Kh2) 32... c5 (32... Rxg4 $142 33. Bxg4 Rxg4) 33. e4 $2 ({Don't go for} 33. Bxc5 $2 Rxg4 34. Qh2 Rg3 $19) (33. Rb1) 33... Rxg4 34. Bxg4 Rxg4 35. Rb1 {[#]} (35. Qb5 $142 Qf7 36. Qf1) 35... Rg5 $2 $40 {[%mdl 128] White is in trouble.} 36. Qh2 {[#]} (36. Rb3 $19 Ne3 37. Qxe3 (37. Rxe3 {gets mated.} Bxe4+ 38. Kh2 Qd6+ 39. Kh3 Rg3+ 40. Kxh4 g5+ 41. Kh5 Qg6#)) 36... Rg3 $1 37. Rxb7 {[#]} Qg4 $1 {[%cal Rg4f3] ( -> ...Qf3+)} 38. Rg1 Qxe4+ 39. Rg2 Ne3 $2 (39... Nf4 40. Rb8+ Kf7) 40. Rb8+ (40. Re7 $19 Qxe7 41. Rxg3 hxg3 42. Qxg3 Qe4+ 43. Kg1 Qb1+ 44. Kf2 cxd4 45. Kf3) 40... Kh7 41. Re8 Qb1+ {Weighted Error Value: White=0.97/Black=0.72} 0-1

[Event "Icelandic-ch 2021"]
[Site "Kopavogur"]
[Date "2021.04.22"]
[Round "1.5"]
[White "Bjornsson, Sigurbjorn"]
[Black "Thorfinnsson, Bjorn"]
[Result "0-1"]
[WhiteElo "2327"]
[BlackElo "2384"]
[Annotator "TA"]
[PlyCount "76"]
[EventDate "2021.04.22"]
[EventType "tourn"]
[EventCountry "ISL"]
[SourceTitle "playchess.com"]
[Source "ChessBase"]
[SourceQuality "1"]

{[%evp 19,76,19,16,11,11,13,17,24,25,23,4,-25,-25,-25,-24,-25,-25,-25,-25,-30,-24,-17,-7,-4,0,-4,0,-7,0,0,0,-7,-14,0,0,-264,-264,-250,-253,-249,-256,-273,-275,-292,-298,-341,-329,-395,-392,-623,-657,-605,-586,-547,-459,-562,-560,-522,-498]} 1. e4 e5 2. Nf3 Nc6 3. d4 exd4 4. Nxd4 Nf6 5. Nxc6 bxc6 6. e5 Qe7 7. Qe2 Nd5 8. c4 Nb6 9. Nc3 Qe6 10. Qe4 Bb4 11. Bd2 {C45: Scotch Game.} Bb7 12. Bd3 O-O-O 13. O-O {[#] The position is equal.} d6 $146 ({Predecessor:} 13... c5 14. Qh4 d6 15. exd6 Rxd6 16. Rae1 Rd4 17. Qxd4 cxd4 18. Rxe6 dxc3 19. Rxb6 axb6 20. bxc3 {½-½ (30) Koegler,K (2542)-Terreaux,G (2468) ICCF email 2016}) 14. Bg5 Bxc3 15. Bxd8 Bxb2 16. Rab1 {[#] Hoping for Bxc7.} Bxe5 {Strongly threatening ...c5.} 17. Bh4 c5 18. Qe2 g6 19. Qc2 Bc6 20. Rfe1 Re8 $40 {[%mdl 128] Black is up to no good.} 21. Bg3 Qg4 22. Be4 Ba4 23. Qd3 f5 24. Bd5 {Bxe5 is the strong threat.} f4 25. f3 $1 {[%cal Rf3g4]} Qf5 26. Be4 Qf7 27. Rxb6 $4 {[%mdl 8192]} axb6 28. Bf2 Kd7 29. Bd5 Qf8 30. Qa3 {[#]} Bc6 31. Bxc6+ Kxc6 32. Qa4+ Kb7 33. Qd1 Bd4 34. h3 (34. Kf1 $142 Rxe1+ 35. Bxe1) 34... Rxe1+ $19 {Black is clearly winning.} 35. Qxe1 Qf6 36. Qe4+ Ka7 37. Qc6 Bxf2+ 38. Kxf2 Qd4+ {[%mdl 64] Double Attack.  Weighted Error Value: White=0.32/Black=0.04} 0-1

[Event "Icelandic-ch 2021"]
[Site "Kopavogur"]
[Date "2021.04.23"]
[Round "2.1"]
[White "Hjartarson, Johann"]
[Black "Gretarsson, Hjorvar Steinn"]
[Result "1-0"]
[WhiteElo "2523"]
[BlackElo "2588"]
[Annotator "TA"]
[PlyCount "61"]
[EventDate "2021.04.22"]
[EventType "tourn"]
[EventCountry "ISL"]
[SourceTitle "playchess.com"]
[Source "ChessBase"]
[SourceQuality "1"]

{[%evp 9,61,18,31,32,22,22,27,35,29,33,38,22,40,26,47,68,81,63,79,72,91,66,94,102,265,244,295,153,137,122,268,307,566,534,1024,939,958,908,2096,2061,1912,978,902,889,1174,1167,1113,1079,1061,1040,1228,1107,1467,1132]} 1. e4 c5 2. Nc3 a6 3. g3 b5 4. Bg2 Bb7 5. Nge2 Nf6 6. Nd5 {B23: Closed Sicilian: Lines without g3.} Nxd5 7. exd5 e5 8. O-O {White has an edge.} d6 9. f4 Nd7 10. fxe5 {[#]} dxe5 $146 ({Predecessor:} 10... Nxe5 11. d4 cxd4 12. Nxd4 g6 13. Nc6 Qb6+ 14. Qd4 Qxd4+ 15. Nxd4 Bg7 16. Bf4 Rc8 {½-½ (28) Mendl,M (2507)-Serradimigni,R (2564) ICCF email 2013}) 11. d3 g6 12. c4 h5 13. Nc3 f5 14. cxb5 $40 {[%mdl 128] White has strong attack.} axb5 15. Nxb5 {d6 is the strong threat.} Qb6 16. a4 c4+ $2 (16... Bd6 $16 {is a better defense.}) 17. Kh1 $1 $18 h4 {[#] intending ...hxg3.} 18. gxh4 ({White has to play} 18. g4 $1 $18 {[%cal Rg4f5]}) 18... Rxh4 $16 {[#] With the idea ...cxd3.} 19. Qe1 $1 {[%cal Re1h4]} Qd8 (19... Qf6 $16 {might work better.}) 20. d4 $18 Rg4 $2 (20... Qf6 21. dxe5 Nxe5) 21. Bf3 {White is clearly winning.} Ba6 22. Bxg4 Bxb5 {[#]} 23. Rxf5 $1 {[%mdl 512]} Bg7 {[#]} (23... Rxa4 24. Rxa4) 24. Bg5 $1 Qa5 (24... Ba6 25. Bxd8) 25. Qxa5 Rxa5 26. Rff1 Rxa4 27. Rxa4 Bxa4 28. Ra1 Nb6 29. dxe5 Bc2 30. Bf3 Na4 31. e6 {Weighted Error Value: White=0.14/Black=0.56} 1-0

[Event "Icelandic-ch 2021"]
[Site "Kopavogur"]
[Date "2021.04.23"]
[Round "2.2"]
[White "Thorfinnsson, Bjorn"]
[Black "Stefansson, Hannes"]
[Result "0-1"]
[WhiteElo "2384"]
[BlackElo "2532"]
[Annotator "TA"]
[PlyCount "82"]
[EventDate "2021.04.22"]
[EventType "tourn"]
[EventCountry "ISL"]
[SourceTitle "playchess.com"]
[Source "ChessBase"]
[SourceQuality "1"]

{[%evp 15,82,-4,-4,-10,0,-33,-33,-31,-28,-34,-31,-35,-15,-22,-22,-26,-13,-57,-19,-84,-60,-72,-78,-94,-60,-60,-60,-92,-41,-66,-46,-76,-79,-126,-123,-153,-122,-166,-163,-182,-108,-140,-85,-74,-65,-56,-31,-73,-53,-178,-170,-214,-199,-240,-119,-254,-243,-256,-256,-473,-474,-29975,-1964,-2527,-2837,-29994,-29995,-29995,-29996]} 1. d4 Nf6 2. c4 e6 3. Nf3 d5 4. cxd5 exd5 5. Nc3 c6 6. Bg5 h6 7. Bh4 Bf5 8. e3 {8.Qb3 is not played anymore.} Be7 9. h3 {D35: Queen's Gambit Declined: Exchange Variation.} Nbd7 10. g4 Bh7 {[#]} 11. Bxf6 $146 {Black is slightly better.} ({Predecessor:} 11. Bd3 Ne4 12. Bxe7 Qxe7 13. Qc2 Ndf6 14. Ne5 Nxc3 15. Bxh7 Nxh7 16. Qxc3 Qd6 17. O-O-O {½-½ (40) Roberts,M-Gee,O England 1994}) 11... Nxf6 12. Bd3 Qb6 13. Rb1 Qc7 14. Bxh7 Nxh7 15. Qc2 Bd6 16. b4 Nf6 17. Ke2 (17. b5 $11 {remains equal.}) 17... a6 18. Rhg1 Qe7 19. Na4 {[%cal Bc3a4,Ba4c5,Bc5d3,Bd3f4][%mdl 32]} g6 20. Nc5 Kf8 21. Nd3 Ne4 (21... Kg7 $17) 22. Nfe5 $15 h5 23. gxh5 Rxh5 24. Nf4 Rxe5 25. dxe5 Bxe5 26. Rb3 Re8 {[%mdl 1024] Black has strong compensation.} 27. Nd3 Bg7 (27... Qh4 $19 28. Kd1 Bg7) 28. Rg4 Kg8 (28... Qf6 $142 29. Kf1 Qf3) 29. Kf1 $17 Qd6 30. Kg1 d4 {White must now prevent ...dxe3.} 31. exd4 Bxd4 {Hoping for ...f5.} ({Much weaker is} 31... Qxd4 $6 32. Nc5 $14) 32. Kg2 (32. Rb1 $15) 32... f5 $36 {[%mdl 2048] Keeping White busy.} 33. Rf4 Qd5 34. f3 Nd6 (34... Nf6 $19 {has better winning chances.} 35. Nf2 Bb6) 35. Rb1 (35. Nc5 $17 {was worth a try.}) 35... g5 36. Rxd4 Qxd4 37. Rd1 $2 (37. Rg1) 37... Nc4 {...Ne3+ is the strong threat.} 38. Qb3 {[#]} (38. Qf2 $19 Ne3+ 39. Kg1) 38... Kg7 (38... Re2+ $142 39. Kh1 Qh4 40. Qxc4+ Qxc4 41. Nc1 Rf2 42. Nd3 Rxf3 43. Ne5 Rf1+ 44. Rxf1 Qxf1+ {[%mdl 64] Double Attack} 45. Kh2 Qe2+ 46. Kg1 f4 47. a4 Qxe5 48. Kf2 Qe3+ {[%mdl 64] Double Attack} 49. Kf1 f3 50. a5 Qe2+ 51. Kg1 Qg2#) 39. Kh1 Rh8 40. Rc1 Rxh3+ {[%mdl 64] Double Attack} 41. Kg2 Ne3+ {Weighted Error Value: White=0.89/Black=0.42} 0-1

[Event "Icelandic-ch 2021"]
[Site "Kopavogur"]
[Date "2021.04.23"]
[Round "2.3"]
[White "Kjartansson, Gudmundur"]
[Black "Bjornsson, Sigurbjorn"]
[Result "1-0"]
[WhiteElo "2503"]
[BlackElo "2327"]
[Annotator "RC"]
[PlyCount "71"]
[EventDate "2021.04.22"]
[EventType "tourn"]
[EventCountry "ISL"]
[SourceTitle "playchess.com"]
[Source "ChessBase"]
[SourceQuality "1"]
[TimeControl "40/5400+30:1800+30"]

1. d4 {[%emt 0:00:00]} Nf6 {[%emt 0:00:00]} 2. c4 {[%emt 0:00:00]} g6 {[%emt 0:00:00]} 3. Nc3 {[%emt 0:00:00]} Bg7 {[%emt 0:00:06]} 4. e4 {[%emt 0:00:03]} d6 {[%emt 0:00:00]} 5. h3 {[%emt 0:00:09]} O-O {[%emt 0:00:03]} 6. Be3 {[%emt 0:00:12]} Nc6 {[%emt 0:02:35]} 7. d5 {[%emt 0:10:33]} Ne5 {[%emt 0:00:06]} 8. f4 {[%emt 0:00:59]} Ned7 {[%emt 0:00:30]} 9. g4 {[%emt 0:02:06]} e6 {[%emt 0:07:24]} 10. dxe6 {[%emt 0:05:02]} fxe6 {[%emt 0:00:54]} 11. Bg2 {[%emt 0:00:24]} Nb6 {[%emt 0:07:42]} 12. Qd3 {[%emt 0:01:33]} Bd7 {[%emt 0:06:29]} 13. Nge2 {[%emt 0:01:26]} Bc6 {[%emt 0:03:17]} 14. O-O {[%emt 0:03:47]} Qe8 {[%emt 0:09:58]} 15. Rae1 {[%emt 0:06:47]} e5 {[%emt 0:01:42]} 16. f5 {[%emt 0:02:02]} gxf5 {[%emt 0:00:29]} 17. Rxf5 {[%emt 0:04:27]} Bd7 {[%emt 0:04:53]} 18. Rff1 {[%emt 0:04:55]} Be6 {[%emt 0:03:00]} 19. b3 {[%emt 0:00:09]} Qg6 {[%emt 0:15:20]} 20. Ng3 {[%emt 0:02:19]} Bh6 {[%emt 0:05:47]} 21. Nf5 {[%emt 0:01:56]} Bxe3+ {[%emt 0:01:13]} 22. Qxe3 {[%emt 0:00:23]} Kh8 {[%emt 0:00:25]} 23. Rf2 {[%emt 0:02:38]} Rf7 {[%emt 0:04:53]} 24. Ref1 {[%emt 0:02:27]} Ng8 {[%emt 0:08:20]} 25. Nb5 {[%emt 0:17:43]} Rd7 {[%emt 0:06:45]} 26. Bf3 {[%emt 0:04:45]} d5 {[%emt 0:05:02]} 27. Nh4 {[%emt 0:06:13]} Qf6 {[%emt 0:00:43]} 28. exd5 {[%emt 0:00:38]} Qxh4 {[%emt 0:02:00]} 29. dxe6 {[%emt 0:00:24]} Rg7 {[%emt 0:00:24]} 30. Bg2 {[%emt 0:03:22]} Re8 {[%emt 0:02:38]} 31. Qxe5 {[%emt 0:02:23]} Nd7 {[%emt 0:00:57]} 32. Qd4 {[%emt 0:04:25]} Rxe6 {[%emt 0:00:36]} 33. Nxc7 {[%emt 0:00:14]} Rf6 {[%emt 0:01:20]} 34. Ne8 {[%emt 0:00:28]} Rgf7 {[%emt 0:00:47]} 35. Nxf6 {[%emt 0:01:28]} Ndxf6 {[%emt 0:00:32]} 36. Qc3 {[%emt 0:01:23]} 1-0

[Event "Icelandic-ch 2021"]
[Site "Kopavogur"]
[Date "2021.04.23"]
[Round "2.4"]
[White "Thorfinnsson, Bragi"]
[Black "Gretarsson, Helgi Ass"]
[Result "1/2-1/2"]
[WhiteElo "2432"]
[BlackElo "2437"]
[Annotator "TA"]
[PlyCount "81"]
[EventDate "2021.04.22"]
[EventType "tourn"]
[EventCountry "ISL"]
[SourceTitle "playchess.com"]
[Source "ChessBase"]
[SourceQuality "1"]

{[%evp 9,81,-31,-23,-23,-29,-59,0,0,0,0,0,-13,13,0,18,-83,-82,-93,-58,-58,-58,-58,-58,-59,-53,-56,-56,-77,-66,-64,-49,-52,-51,-55,-55,-55,-52,-54,-41,-41,-41,-44,-45,-47,-43,-51,-51,-51,-51,-56,-51,-54,-24,-31,-31,-33,-7,-36,0,0,0,-6,-8,-4,0,0,0,0,0,0,0,0,0,0]} 1. e4 e5 2. Nc3 Nf6 3. d4 exd4 4. Qxd4 Nc6 5. Qd3 Bc5 6. Bf4 {C26: Vienna Game: 2...Nf6, sidelines .} d6 7. O-O-O {[#]} Ng4 $146 ({Better is} 7... Bxf2 $15 8. Nf3 O-O) ({Predecessor:} 7... Bxf2 8. Nf3 Bb6 9. Be2 h6 10. h3 Be6 11. Rhe1 Qd7 12. Nd5 Bxd5 13. exd5 Ne7 {0-1 (32) Dubov,D (2699)-Nakamura,H (2736) chess24.com INT 2020}) 8. Nh3 $11 Nxf2 9. Nxf2 Bxf2 10. Qf3 Bc5 11. Qg3 O-O 12. Nd5 {[#]} (12. e5 $11 Nd4 13. Ne4) 12... Kh8 $1 $36 {[%mdl 2048] Black is on the roll.} 13. h4 Be6 14. h5 h6 15. Qc3 Bxd5 16. exd5 Ne5 17. Be2 Qe7 18. g4 f5 19. Bxe5 Qxe5 20. Qxe5 dxe5 21. gxf5 Rxf5 22. Bd3 Rf4 23. Rde1 Re8 24. Bg6 Re7 25. Re4 Rxe4 26. Bxe4 $15 {[%mdl 4096] Endgame KRB-KRB} Rf7 27. Re1 Rf2 28. Bg6 Bb4 29. c3 Bd6 30. Bd3 g5 31. hxg6 Kg7 32. a4 a5 33. b3 Rf4 34. Kd2 {The position is equal.} h5 35. Be4 h4 {[#] Threatens to win with ...h3.} 36. Kd3 h3 {...h2 is the strong threat.} 37. Rh1 Rh4 {White must now prevent ...h2.} 38. Rf1 Rf4 39. Rh1 Rh4 {And now ...h2 would win.} 40. Rf1 Rf4 41. Rh1 {Weighted Error Value: White=0.08/Black=0.07} 1/2-1/2